000 00764nam a2200289Ia 4500
005 20260324121617.0
008 008 260324s9999 xx 000 0 eng d
020 _a9781315850528
037 _aEBOOK
040 _aCRL
040 _beng
040 _cCRL
041 _2eng
041 _aeng
084 _qCRL
100 _aTom Dyson; Wali Aslam; Regina Rauxloh; Mike Aaronson
_91163174
245 0 _aPrecision Strike Warfare and International Intervention
245 0 _bStrategic, Ethico-Legal and Decisional Implications
260 _bTaylor and Francis
260 _c2014
365 _a
365 _b240
856 _uhttp://www.taylorfrancis.com/books/9781315850528
942 _cEBOOK
999 _c1755402
_d1755402